Obras completas / (Record no. 21822)
[ view plain ]
| 000 -LEADER | |
|---|---|
| campo de control de longitud fija | 01335nam a2200205 i 4500 |
| 001 - NÚMERO DE CONTROL | |
| campo de control | 21822 |
| 003 - IDENTIFICADOR DE NÚMERO DE CONTROL | |
| campo de control | ES-MaACL |
| 005 - FECHA Y HORA DE LA ÚLTIMA TRANSACCIÓN | |
| campo de control | 20250821111909.0 |
| 007 - CAMPO FIJO DE DESCRIPCIÓN FÍSICA--INFORMACIÓN GENERAL | |
| campo de control de longitud fija | t| |
| 008 - DATOS DE LONGITUD FIJA--INFORMACIÓN GENERAL | |
| campo de control de longitud fija | 021128s1943 sp ||||1| spa d |
| 100 1# - ENTRADA PRINCIPAL--NOMBRE DE PERSONA | |
| Nombre de persona | Alarcón, Pedro Antonio de, |
| Fechas asociadas al nombre | 1833-1891 |
| 9 (RLIN) | 19134 |
| 245 10 - MENCIÓN DEL TÍTULO | |
| Título | Obras completas / |
| Mención de responsabilidad, etc. | de Pedro A. de Alarcón ; con un comento preliminar por Luis Martínez Kleiser. |
| 260 ## - PUBLICACIÓN, DISTRIBUCIÓN, ETC. | |
| Lugar de publicación, distribución, etc. | Madrid : |
| Nombre del editor, distribuidor, etc. | Fax, |
| Fecha de publicación, distribución, etc. | [1943] ( |
| Fabricante | Sucs. de Rivadeneyra) |
| 300 ## - DESCRIPCIÓN FÍSICA | |
| Extensión | XXXII, 1919 p. : |
| Otras características físicas | 1 retr. aut. ; |
| Dimensiones | 20 cm. |
| 505 8# - NOTA DE CONTENIDO CON FORMATO | |
| Nota de contenido con formato | Contiene: Un viaje por el interio de su alma y a lo largo de su vida. Historia de mis libros. Novelas cortas (I): cuentos amatorios. Novelas cortas (II): historietas nacionales. Novelas cortas (III): narraciones inverosímiles. Poesías seriadas y humorísticas. El hijo pródigo. El final de Norma. El sombrero de tres picos. El escándalo. El niño de la bola. El capitán Veneno. La pródiga. Diario de un testigo de la guerra de Africa. Viajes por España. De Madrid a Nápoles. La Alpujarra. Cosas que fueron. Juicios literarios y artísticos. Ultimos escritos. Biografía de Don Pedro Antonio de Alarcón / por Mariano Catalina |
| 700 1# - ENTRADA AGREGADA--NOMBRE PERSONAL | |
| Nombre de persona | Martínez Kleiser, Luis, |
| Fechas asociadas al nombre | 1883-1971 |
| 9 (RLIN) | 78166 |
| 700 1# - ENTRADA AGREGADA--NOMBRE PERSONAL | |
| Nombre de persona | Catalina, Mariano. |
| 9 (RLIN) | 37037 |
| 852 ## - LOCALIZACIÓN | |
| Ubicación | ES-MaACL |
| Número de control de estantería | D-4705 |
| Sublocalización o colección | R.28529 |
| Estatus retirado | Estado de pérdida | Estado de daño | No para préstamo | Biblioteca de origen | Biblioteca actual | Ubicación en estantería | Fecha de adquisición | Fuente de adquisición | Total de préstamos | Signatura topográfica completa | Código de barras | Visto por última vez | Precio de reemplazo | Tipo de ítem Koha |
|---|---|---|---|---|---|---|---|---|---|---|---|---|---|---|
| Biblioteca del Ateneo de Madrid | Biblioteca del Ateneo de Madrid | Sala Valle Inclán | 17/01/2008 | D-4705 | 901022429 | 23/02/2023 | 23/02/2023 | Libro impreso |
